000 00218 a2200109 4500
020 _a9781338082166
041 _aspa
100 _aMeadows, Daisy
245 _aLidia el hada de lectura
942 _cBK
999 _c29670
_d29668
999 _d29668